Entrelazando historias ... construyendo memoria /
Guardado en:
| Autor Principal: | |
|---|---|
| Otros Autores: | |
| Formato: | Libro |
| Publicado: |
Bahía Blanca :
Colegio Nacional,
2011
|
| Series: | Jóvenes y Memoria
|
| Materias: | |
| Etiquetas: |
Agregar Etiqueta
Sin Etiquetas, Sea el primero en etiquetar este registro!
|
| LEADER | 00654nam a22002055a 4500 | ||
|---|---|---|---|
| 001 | CEM.cems014032 | ||
| 005 | 20130701164026.0 | ||
| 008 | 130507s2011##################000#0#####d | ||
| 003 | CEMS | ||
| 082 | 0 | 4 | |a 364.15 |
| 100 | 1 | |a Di Sarli, Elena ; coord. | |
| 245 | 1 | 0 | |a Entrelazando historias ... construyendo memoria / |c Coordinado Por Elena Di Sarli y Hernán Herbalejo |
| 260 | |a Bahía Blanca : |b Colegio Nacional, |c 2011 | ||
| 300 | |a 106 p. | ||
| 490 | 0 | |a Jóvenes y Memoria | |
| 653 | |a Dictadura | ||
| 653 | |a Genocidio | ||
| 653 | |a Jóvenes y memoria | ||
| 700 | 1 | |a Herbalejo, Hernán ; coord. | |
| 859 | |a CEMS |b BIB. CEMS - 11 de abril |h 364.15 |i D63 |p 26365.12 |t Ej.1 | ||
